01120cam a22001697a 4500020002200000020002200022040000800044082003200052245011000084260007900194300004500273490003500318520049900353650001400852700002300866710006100889 a925104919X (v. 1) a9251050325 (v. 2) cFQG00a639 FOO 2003 A110 Or.a639 00aManagement, co-management, or no management? :bmajor dilemmas in southern African freshwater fisheries / aRome :bFood and Agriculture Organization of the United Nations,c[